• 首页
  • 本馆介绍
  • 公告通知
  • 最新文献
  • 馆藏检索
  • 电子资源
  • 读者导购
  • 参考咨询
  • 我的图书馆
  • 登录
  • 详细信息显示
  • 放入我的书架
  • 预约/预借图书
  • 作者相关作品
  • 分类相关作品
  • 丛书相关作品
  • 出版社相关作品

书目信息

  • 表格格式
  • 工作单格式
  • 卡片格式
题名:
刑罚实践的发展与完善
    
 
作者: 张绍彦 著
分册:  
出版信息: 北京   社会科学文献出版社  2013
页数: 234页
开本: 24cm
丛书名:
单 册:
中图分类: D914.04
科图分类:
主题词: 刑罚--研究 , 刑罚
电子资源:
ISBN: 978-7-5097-5172-5
000 01052nam0 2200265 450
001 523
005 20140905102848.04
010    @a978-7-5097-5172-5@dCNY49.00
100    @a20140129d2013 em y0chiy50 ea
101 0  @achi
102    @aCN@b110000
105    @ay z 000yy
106    @ar
200 1  @a刑罚实践的发展与完善@AXing Fa Shi Jian De Fa Zhan Yu Wan Shan@dStudy on the development and improvement of punishment practice@f张绍彦著@FZhang Shao Yan Zhu@zeng
210    @a北京@c社会科学文献出版社@d2013
215    @a234页@d24cm
300    @a中国社会科学院创新工程学术出版资助项目
330    @a本书共九章,主要内容包括:犯罪本原和生成、刑罚的本原、刑罚使命的理性建构、刑罚实践的基础和条件、刑罚实践运行机制、行刑理念与监狱职能、刑罚方法的实践发展、行刑监督等。
510 1  @aStudy on the development and improvement of punishment practice@zeng
606 0  @a刑罚@x研究
606 0  @a刑罚
690    @aD914.04@v5
701  0 @a张绍彦@AZhang Shao Yan@f(1965.10~)@4著
801  0 @aCN@bTANGWEI@c20140603
905    @b0839422-24@dD914.04@e547@f3
    
    刑罚实践的发展与完善=Study on the development and improvement of punishment practice/张绍彦著.-北京:社会科学文献出版社,2013
    234页;24cm
    中国社会科学院创新工程学术出版资助项目
    
    ISBN 978-7-5097-5172-5:CNY49.00
    本书共九章,主要内容包括:犯罪本原和生成、刑罚的本原、刑罚使命的理性建构、刑罚实践的基础和条件、刑罚实践运行机制、行刑理念与监狱职能、刑罚方法的实践发展、行刑监督等。
●
相关链接 在E读中查询图书 在五车中查询图书 在当当中查询图书 在豆瓣中查询图书


正题名:刑罚实践的发展与完善     索取号:D914.04/547         预约/预借

序号 登录号 条形码 馆藏地/架位号 状态 备注
1 0839422   208394227   第一样本阅览室/ [索取号:D914.04/547] 在馆    
2 0839423   208394236   密集书库-史法系/ [索取号:D914.04/547] 在馆    
3 0839424   208394245   第一借阅区/ [索取号:D914.04/547] 在馆    
唐山师范学院图书馆 欢迎您!
大连网信软件有限公司© 版权所有